Un roi, Un surnom - Statistiques

Statistiques générales
  • Ce quiz a été pris 98 fois
  • Le résultat moyen est 8 sur 18
Statistiques - réponses
Roi Surnom % Correct
Louis XIV Le Roi-Soleil
94%
Louis VI Le Gros
67%
Pépin III Le Bref
66%
Philippe IV Le Bel
65%
Jean II Le Bon
60%
Louis IX Saint-Louis
60%
Henri IV Le Vert-Galant
55%
Hugues Ier Capet
51%
Louis XV Le Bien-Aimé
44%
Philippe II Auguste
42%
Philippe III Le Hardi
39%
Charles II Le Chauve
34%
Louis XIII Le Juste
34%
Louis XII Le Père du peuple
19%
Louis IV D'Outremer
17%
Louis II Le Bègue
16%
Louis-Philippe Ier Le Roi Citoyen
13%
François Ier Le Roi-Chevalier
8%
Aucun quiz correspondant
Distribution des résultats
% des personnes avec chaque résultat
Percentile par nombre de réponses
Votre historique - résultats
Vous n’avez pas pris ce quiz